000 00567nam a2200181Ia 4500
005 20250326140414.0
008 250326s9999 xx 000 0 und d
037 _aTextbook
040 _aFMSL
_beng
_cFMSL
041 _aeng
_2eng
084 _aX:89Q8(V) N5
_qFMSL
100 _aJuran J M
245 0 _aHistory of managing for quality: evaluation, trends and future directions of managing for quality
_cJuran J M
260 _aWisconsin
_bWisconsin, ASQC Quality
_c1995
300 _a686p
942 _cTB
_hX:89Q8(V) N5
999 _c1285639
_d1285639